Phan Bội Châu toàn tập
Giới thiệu tác phẩm Việt Nam vong quốc sử và bài phân tích của giáo sư Hồ Song; Hải ngoại huyết thư và bài phân tích của Nguyễn Phương Chí; Tân Việt Nam và bài phân tích của; Sùng bái giai nhân và bài phân tích của giáo sư Đinh Xuân Lâm; Các...
Shranjeno v:
| Glavni avtor: | |
|---|---|
| Format: | Knjiga |
| Jezik: | Undetermined |
| Izdano: |
Huế
Thuận Hóa
2001
|
| Teme: | |
| Oznake: |
Označite
Brez oznak, prvi označite!
|
| Thư viện lưu trữ: | Trung tâm Học liệu Trường Đại học Cần Thơ |
|---|
| LEADER | 01124nam a2200241Ia 4500 | ||
|---|---|---|---|
| 001 | CTU_44278 | ||
| 008 | 210402s9999 xx 000 0 und d | ||
| 020 | |b 150.000đ | ||
| 020 | |c 150000 | ||
| 082 | |a 895.9228208 | ||
| 082 | |b Ch125/T.2 | ||
| 100 | |a Phan, Bội Châu | ||
| 245 | 0 | |a Phan Bội Châu toàn tập | |
| 245 | 0 | |c Phan Bội Châu | |
| 260 | |a Huế | ||
| 260 | |b Thuận Hóa | ||
| 260 | |c 2001 | ||
| 520 | |a Giới thiệu tác phẩm Việt Nam vong quốc sử và bài phân tích của giáo sư Hồ Song; Hải ngoại huyết thư và bài phân tích của Nguyễn Phương Chí; Tân Việt Nam và bài phân tích của; Sùng bái giai nhân và bài phân tích của giáo sư Đinh Xuân Lâm; Các thư từ của Phan Bội Châu và các bài báo có liên quan đến ông trong giai đoạn 1905-1908 | ||
| 650 | |a Vietnamese literature | ||
| 650 | |x Collections | ||
| 650 | |y 20th century | ||
| 904 | |i Nguyễn Quang Điền | ||
| 980 | |a Trung tâm Học liệu Trường Đại học Cần Thơ | ||